Top 100 Largest Football Stadiums - Statistics

General Stats
  • This quiz has been taken 71 times
  • The average score is 12 of 100
Answer Stats
Capacity Home team(s)/Use Answer % Correct
99,354 FC Barcelona Camp Nou
90%
90,000 England, FA Cup, League Cup, Football League play-offs Wembley Stadium
76%
75,731 Manchester United F.C. Old Trafford
75%
85,454 Spain, Real Madrid C.F. Santiago Bernabéu Stadium
68%
80,018 A.C. Milan, Internazionale Stadio Giuseppe Meazza/San Siro
61%
75,024 FC Bayern Munich, TSV 1860 Munich Allianz Arena
59%
78,838 Brazil, CR Flamenco, Fluminense FC, Botafogo FR Maracanã Stadium
58%
81,338 France Stade de France
56%
60,338 Arsenal F.C. Emirates Stadium
49%
95,500 Mexico, Club América Estadio Azteca
42%
81,359 Borussia Dortmund Signal Iduna Park/Westfalenstadion
42%
74,064 Hertha BSC Olympiastadion
37%
65,255 1976 Olympic men's football tournament, 2007 FIFA U-20 World Cup, 2014 FIFA U-20 Women's World Cup, Montreal Impact *some games Olympic Stadium
37%
67,374 Olympique de Marseille Stade Vélodrome
37%
60,355 Celtic F.C. Celtic Park
29%
76,092 none (Turkey) Atatürk Olympic Stadium
24%
74,500 Wales Millennium Stadium
24%
78,360 FC Spartak Moscow, CSKA Moscow Luzhniki Stadium
20%
92,542 1994 FIFA World Cup The Rose Bowl
20%
62,271 FC Schalke 04 Veltins-Arena
19%
65,647 S.L. Benfica, UEFA Euro 2004 Final, 2014 UEFA Champions League Final Estádio da Luz
17%
150,000 Korea DPR Rungrado May Day Stadium
17%
60,469 VfB Stuttgart Mercedes-Benz Arena
15%
69,950 Korea Republic, Seoul E-Land FC, 1986 Asian Games, 1988 Summer Olympics Seoul Olympic Stadium
15%
66,704 Korea Republic, FC Seoul, 2002 FIFA World Cup Seoul World Cup Stadium
15%
80,000 2008 Olympic men's football tournament final Beijing National Stadium
12%
72,327 Yokohama F. Marinos, 2002 FIFA World Cup International Stadium Yokohama
12%
60,240 Napoli Stadio San Paolo
12%
68,700 Azerbaijan, 2015 European Games Baku National Stadium
10%
80,093 Universitario de Deportes Estadio Monumental "U"
10%
68,756 New England Revolution Gillette Stadium
8%
69,250 none (Germany) Olympiastadion München
8%
72,698 A.S. Roma, S.S. Lazio Stadio Olympico
8%
94,736 South Africa, Kaizer Chiefs, 2010 FIFA World Cup FNB Stadium
7%
83,500 Australia Stadium Australia/ANZ
7%
58,145 Poland Warsaw National Stadium
7%
80,000 2009,2011 & 2013 CONCACAF Gold Cup AT&T Stadium
5%
87,411 Malaysia Bukit Jalil National Stadium
5%
74,100 Egypt, Al-Ahly S.C., Zamalek SC Cairo International Stadium
5%
66,422 Daegu FC, 2002 FIFA World Cup Daegu Stadium
5%
65,235 Uruguay, Peñarol Estadio Centenario
5%
60,000 Sweden, AIK Friends Arena
5%
57,030 Hamburger SV Imtech Arena
5%
58,270 A.S. Bari Stadio San Nicola
5%
84,412 Iran, Esteghlal FC, Persepolis FC, Naft Tehran Azadi Stadium
3%
88,083 Indonesia Gelora Bung Karno Stadium
3%
71,054 United States (mens), Houston Dynamo (prime matches) NRG Stadium
3%
70,050 Ukraine, FC Dynamo Kyiv Olimpiyskiy National Sports Complex
3%
59,168 Olympique Lyonnais Parc Olympique Lyonnais
3%
56,842 Shanghai East Asia, 2008 Olympic men's football tournament Shanghai Stadium
3%
57,363 Emperor's Cup and J. League Cup finals Tokyo National Olympic Stadium
3%
66,161 2008 Olympic men's football tournament & women's football tournaments, Beijing Guoan F.C. *some matches Workers Stadium
3%
60,491 Nigeria Abuja Stadium
2%
69,000 Seattle Sounders FC CenturyLink Field
2%
62,567 Orlando Pirates FC Ellis Park Stadium
2%
67,432 Argentina, River Plate Estadio Monumental Antonio Vespucio Liberti
2%
69,349 Brazil, SE Gama, Brasília FC, Legião FC Estádio Nacional Mané Garrincha
2%
60,500 Kerala Blasters Jawaharlal Nehru Stadium
2%
60,254 Some I-League matches, Delhi Dynamos Jawaharlal Nehru Stadium
2%
70,000 Pyongyang City Sports Group Kim Il-sung Stadium
2%
60,000 Saudi Arabia King Abdullah Sports City
2%
61,781 Saudi Arabia, Al-Hilal, Al-Nassr, Al-Shabab King Fahd International Stadium
2%
68,000 Atletico de Kolkata, East Bengal F.C., Mohun Bagan Salt Lake Stadium
2%
60,334 Shenzhen Fengpeng F.C. Shenzhen Universiade Sports Centre
2%
80,000 Vita Club, Congo DR Stade des Martyrs
2%
67,000 Raja Casablanca Stade Mohamed V
2%
75,000 Al-Ittihad SC Aleppo International Stadium
0%
65,000 Iraq Basra Sports City
0%
60,000 Tanzania, Young Africans Benjamin Mkapa National Stadium
0%
86,000 Egypt Borg El Arab Stadium
0%
67,037 Ceará SC, Fortaleza EC Castelão
0%
58,680 Chongqing Lifan F.C. Chongqing Olympic Sports Center
0%
57,619 Spain *some games Estadio de La Cartuja
0%
60,044 Santa Cruz FC Estádio do Arruda
0%
67,052 São Paulo FC Estádio do Morumbi
0%
60,000 Brazil, EC Bahia, EC Vitória, Galícia EC Estádio Fonte Nova
0%
56,713 Atlas Estadio Jalisco
0%
57,000 Talleres de Córdoba, Belgrano de Córdoba *some matches Estadio Mario Alberto Kempes
0%
59,283 Barcelona Sporting Club Estadio Monumental Isidro Romero Carbo
0%
68,954 UNAM Pumas Estadio Olympico Universitario
0%
80,012 Guangzhou Evergrande F.C. *some games Guangdong National Stadium
0%
60,000 Anhui Jiufang Hefei Olympic Sports Center Stadium
0%
60,000 Kuwait Jaber Al-Ahmad International Stadium
0%
56,808 Shandong Luneng Taishan Jinan Olympic Sports Center Stadium
0%
58,170 Brazil, CA Mineiro, Cruzeiro EC Mineirão
0%
60,000 Kenya Moi International Sports Centre
0%
61,443 Jiangsu Guoxin-Sainty Nanjing Olympic Sports Center
0%
60,000 Zimbabwe National Sports Stadium
0%
60,000 Garankuwa United F.C. Odi Stadium
0%
70,030 Greece, AEK Athens, Panathinaikos F.C. Olympic Stadium Athens Spiros Louis
0%
60,000 Persisam Putra Samarinda, Pekan Olahraga Nasional 2008 Palaran Stadium
0%
66,833 Tractor Sazi F.C. Sahand Stadium
0%
63,700 Urawa Red Diamonds, 2002 FIFA World Cup Saitama Stadium 2002
0%
80,372 Selangor FA Shah Alam Stadium
0%
60,000 Changsha Ginde F.C., 2008 Olympic men's and women's football tournaments Shenyang Olympic Sports Center Stadium
0%
60,000 Tunisia, Espérance Stade 14 January
0%
80,000 USM Alger Stade 5 Juillet 1962
0%
60,000 Senegal, ASC Jeanne d'Arc Stade Léopold Sédar Senghor
0%
58,500 Guangzhou Evergrande F.C. *some games Tianhe Stadium
0%
62,000 Qingdao Jonoon F.C. Yizhong Sports Center
0%
No matching quizzes found
Score Distribution
Percent of People with Each Score
Percentile by Number Answered
Your Score History
You have not taken this quiz